<?xml version="1.0" encoding="UTF-8"?>
<collection xmlns="http://www.loc.gov/MARC21/slim">
 <record>
  <leader>     na                 </leader>
  <controlfield tag="001">INLIS000000000004743</controlfield>
  <controlfield tag="005">20200825101831</controlfield>
  <datafield tag="035" ind1=" " ind2=" ">
   <subfield code="a">0010-0820004743</subfield>
  </datafield>
  <controlfield tag="007">ta</controlfield>
  <controlfield tag="008">200825                           0 ind  </controlfield>
  <datafield tag="082" ind1=" " ind2=" ">
   <subfield code="a">510</subfield>
  </datafield>
  <datafield tag="084" ind1=" " ind2=" ">
   <subfield code="a">510 PRA i</subfield>
  </datafield>
  <datafield tag="100" ind1="0" ind2=" ">
   <subfield code="a">PRASETYONO, Dwi Sunar</subfield>
  </datafield>
  <datafield tag="245" ind1="1" ind2=" ">
   <subfield code="a">Intisari &amp; kumpulan Rumus Matematika Untuk SMA/MA</subfield>
  </datafield>
  <datafield tag="260" ind1=" " ind2=" ">
   <subfield code="a">Yogyakarta :</subfield>
   <subfield code="b">Power Books,</subfield>
   <subfield code="c">2009</subfield>
  </datafield>
  <datafield tag="300" ind1=" " ind2=" ">
   <subfield code="a">367 Hal. :</subfield>
   <subfield code="b">ilus. ;</subfield>
   <subfield code="c">20 cm</subfield>
  </datafield>
  <datafield tag="650" ind1=" " ind2=" ">
   <subfield code="a">MATEMATIKA</subfield>
  </datafield>
  <datafield tag="856" ind1=" " ind2=" ">
   <subfield code="a">DINAS PERPUSTAKAAN DAN KEARSIPAN KOTA MEDAN</subfield>
  </datafield>
  <datafield tag="990" ind1=" " ind2=" ">
   <subfield code="a">44292/PUM/2012</subfield>
  </datafield>
  <datafield tag="990" ind1=" " ind2=" ">
   <subfield code="a">44293/PUM/2012</subfield>
  </datafield>
  <datafield tag="990" ind1=" " ind2=" ">
   <subfield code="a">44291/PUM/2012</subfield>
  </datafield>
 </record>
</collection>
